| 000 | 00630nam a2200181Ia 4500 | ||
|---|---|---|---|
| 008 | 100917s9999 xx 000 0 und d | ||
| 082 | _b52868 | ||
| 100 | _aगाडगीळ गंगाधर | ||
| 245 | _aबाबांच कलिंगड आणि मुलीचा स्वेटर | ||
| 260 |
_b--- _c1979 |
||
| 300 | _a192 | ||
| 365 | _b18 | ||
| 520 | _aकथा | ||
| 630 | _aबाबांच कलिंगड आणि मुलीचा स्वेटर | ||
| 650 | _aकथा | ||
| 730 | _aबाबांच कलिंगड आणि मुलीचा स्वेटर | ||
| 942 | _cBOOK | ||
| 999 |
_c658262 _d658259 |
||